Ivory Coast all time starting xi - Statistics

General Stats
  • This quiz has been taken 78 times
    18 since last reset
  • The average score is 5 of 11
Answer Stats
Hint Answer % Correct
FW(2002-2014 Didier Drogba
100%
DF(2000-2015 Kolo Touré
100%
MF(2004-2015 Yaya Touré
100%
FW(2007-2022 Gervinho
45%
FW(2007-2017 Salomon Kalou
45%
MF(2014- Franck Kessié
27%
DF(2013-2024 Serge Aurier
18%
DF(2004-2018 Arthur Boka
9%
GK(2000-2015 Boubacar Copa
9%
MF(2000-2014 Didier Zokora
9%
DF(2000-2015 Siaka Tiéné
9%
No matching quizzes found
Score Distribution
Percent of People with Each Score
Percentile by Number Answered
Your Score History
You have not taken this quiz since the last reset